Normal view
MARC view
- Ocean -- Encyclopedias, Juvenile. Marine animals -- Encyclopedias, Juvenile. Ocean -- Encyclopedias
Entry Topical Term
001 - CONTROL NUMBER
- control field: 88961
003 - CONTROL NUMBER IDENTIFIER
- control field: NUST
005 - DATE AND TIME OF LATEST TRANSACTION
- control field: 20220210150633.0
008 - FIXED-LENGTH DATA ELEMENTS
- fixed length control field: 220210|| aca||aabn | a|a d
040 ## - CATALOGING SOURCE
- Original cataloging agency: NUST
- Transcribing agency: NUST
150 ## - HEADING--TOPICAL TERM
- Topical term or geographic name entry element: Ocean -- Encyclopedias, Juvenile. Marine animals -- Encyclopedias, Juvenile. Ocean -- Encyclopedias
670 ## - SOURCE DATA FOUND
- Source citation: Work cat.: (NUST): Woodward, John 88960, Ocean:, 2019.
